| 000 | 00589nam a2200193Ia 4500 | ||
|---|---|---|---|
| 003 | GCL | ||
| 008 | 140319s9999 xx 000 0 ara d | ||
| 040 |
_aGCL / _cGCL |
||
| 082 | 0 | 4 |
_a792.09 _bب م |
| 100 | 1 | _aرفيق الصبان | |
| 245 | 1 | 0 |
_aمنهج اوجستوبوال فى المسرح / _cرفيق الصبان |
| 700 | 1 | _aنورا امين | |
| 700 | 1 | _aبوال، اوجستو | |
| 300 | _a235 ص | ||
| 490 |
_aالهيئة العامة للاستعلامات _v0 |
||
| 650 | 0 | 4 | _aالمسرح - تاريخ ونقد |
| 650 | 0 | 4 | _aبوال, اوجستو |
| 942 |
_2ddc _cBK |
||
| 999 |
_c52203 _d52203 |
||